Pha chế vecni từ nhựa Shellac và tạo sơn Lack với bọt màu đen Cacbon Luận văn tốt nghiệp Đại học Sư phạm ngành Hóa Khóa 17
Uloženo v:
| Hlavní autor: | |
|---|---|
| Médium: | Kniha |
| Jazyk: | Undetermined |
| Vydáno: |
Cần Thơ
Trường Đại học Cần Thơ, Khoa Sư phạm, Bộ môn Hóa
1995
|
| Tagy: |
Přidat tag
Žádné tagy, Buďte první, kdo otaguje tento záznam!
|
| Thư viện lưu trữ: | Trung tâm Học liệu Trường Đại học Cần Thơ |
|---|
| LEADER | 00711nam a2200181Ia 4500 | ||
|---|---|---|---|
| 001 | CTU_33776 | ||
| 008 | 210402s9999 xx 000 0 und d | ||
| 082 | |a 660 | ||
| 082 | |b V312/1995 | ||
| 100 | |a Huỳnh Hữu Vinh | ||
| 245 | 0 | |a Pha chế vecni từ nhựa Shellac và tạo sơn Lack với bọt màu đen Cacbon | |
| 245 | 0 | |b Luận văn tốt nghiệp Đại học Sư phạm ngành Hóa Khóa 17 | |
| 245 | 0 | |c Huỳnh Hữu Vinh | |
| 260 | |a Cần Thơ | ||
| 260 | |b Trường Đại học Cần Thơ, Khoa Sư phạm, Bộ môn Hóa | ||
| 260 | |c 1995 | ||
| 904 | |i Nguyễn Quang Điền, 991110 | ||
| 980 | |a Trung tâm Học liệu Trường Đại học Cần Thơ | ||